01061cam a22002771 4500999001700000001000800017003000400025005001700029008004100046010001700087035001900104040003100123042001200154050002300166082001200189100003400201245012600235260003400361300004400395504006400439600003200503700004200535906004500577942003500622952012600657 c27493d274939382102OSt20170208154253.0751222s1963 mauach b 000 0 eng  a 63011390  a(OCoLC)1900190 aDLCcRUndOCoLCdNSyUdDLC apremarc00aNC1135b.R578 1963 a741.9441 aGeissbuhler, Elisabeth Chase.00aRodin: later drawings.cWith interpretations by Antoine Bourdelle. Text and translations by Elisabeth Chase Geissbuhler. aBoston,bBeacon Pressc[1963] a105 p.billus., port., facsims.c25 cm. aBibliographical references included in "Notes" (p. 100-102)10aRodin, Auguste,d1840-1917.1 aBourdelle, Emile Antoine,d1861-1929. a7bcbccoclcrplduencipf19gy-gencatlg 2lcccBOOKShNC 1135 .R578 1963 00102lcc4070aMUCbMUCcTECHd2017-02-08eDonation(B.F.A)l0oNC 1135 .R578 1963p34490r2018-07-31w2017-02-08yBOOKS